000 00659nam a2200241 i 4500
001 C2-0269606
003 PPAK
005 20180728000232.0
008 060809s2001 cc |||| ||||| | chi d
020 _a9838205494
040 _aPPAK
_beng
_cPPAK
_erda
082 0 4 _a808.85
_223
090 0 0 _a808.85
_bPIC
_dG
100 1 _aPi, Cheng,
_eauthor
245 1 0 _aShui jian you ren du wang lai
264 1 _aTaipei, Taiwan :
_bUnited Publishing House ,
_c2001
300 _aiii, 328 pages ;
_c19 cm
336 _2rdacontent
_atext
337 _2rdamedia
_aunmediated
338 _2rdacarrier
_avolume
650 1 0 _aSpeeches, addresses, etc.
942 _ddc
_cB
999 _c78273
_d78273